000 00342nam a2200145Ia 4500
008 230718s9999 xx 000 0 und d
041 _aEng.
082 _a346.41
_bKHA-P
100 _aKhan, Shaghir Ahmed
245 0 _aPrinciples of Equity
260 _aPakistan
_bMansoor Book House
_c2018
300 _a216
650 _aLaw
999 _c31878
_d31878